Catálogo

Diccionario de construcción y régimen de la lengua castellana / (Registro nro. 43511)

Detalles MARC
000 -LEADER
fixed length control field 00918cam a2200265 i 4500
001 - CONTROL NUMBER
control field 43511
003 - CONTROL NUMBER IDENTIFIER
control field Mx-PuUPA
005 - DATE AND TIME OF LATEST TRANSACTION
control field 20210308120034.0
008 - FIXED-LENGTH DATA ELEMENTS--GENERAL INFORMATION
fixed length control field 140415s1998 sp gr 001 0 spa d
020 ## - INTERNATIONAL STANDARD BOOK NUMBER
International Standard Book Number 8425420741
040 ## - CATALOGING SOURCE
Original cataloging agency MX-PuUPA
Language of cataloging spa
Description conventions rda
Transcribing agency Mx-PuUPA
Modifying agency Mx-PuUPA
041 0# - LANGUAGE CODE
Language code of text/sound track or separate title spa
100 1# - MAIN ENTRY--PERSONAL NAME
Personal name Cuervo, Rufino José,
Dates associated with a name 1844-1911,
Relator term autor
9 (RLIN) 11397
245 10 - TITLE STATEMENT
Title Diccionario de construcción y régimen de la lengua castellana /
Statement of responsibility, etc. R. J. Cuervo ; continuado y editado por Instituto Caro y Cuervo.
264 #1 - PRODUCTION, PUBLICATION, DISTRIBUTION, MANUFACTURE, AND COPYRIGHT NOTICE
Place of production, publication, distribution, manufacture Barcelona :
Name of producer, publisher, distributor, manufacturer Editorial Herder,
Date of production, publication, distribution, manufacture, or copyright notice 1998
300 ## - PHYSICAL DESCRIPTION
Extent 8 volúmenes (paginación varía) ;
Dimensions 25 cm.
336 ## - CONTENT TYPE
Content type term texto
Fuente rdacontent
Content type code txt
337 ## - MEDIA TYPE
Media type term sin medio
Source rdamedia
Media type code n
338 ## - CARRIER TYPE
Carrier type term volúmen
Source rdacarrier
Carrier type code nc
650 #4 - SUBJECT ADDED ENTRY--TOPICAL TERM
Topical term or geographic name entry element Español
Form subdivision Diccionarios
710 ## - ADDED ENTRY--CORPORATE NAME
Corporate name or jurisdiction name as entry element Instituto Caro y Cuervo,
Relator term editor
942 ## - ADDED ENTRY ELEMENTS (KOHA)
Source of classification or shelving scheme Dewey Decimal Classification
Koha item type Libro
Classification part 465
Item part C965
Existencias
Withdrawn status Lost status Source of classification or shelving scheme Damaged status Not for loan Collection code Home library Current library Shelving location Date acquired Source of acquisition Total Checkouts Full call number Barcode Date last seen Price effective from Koha item type
    Dewey Decimal Classification     Referencia Biblioteca Karol Wojtyla Biblioteca Karol Wojtyla Área de silencio 18/05/2018 Compra   465 CUE 1998 65490 05/01/2026 18/05/2018 Libro R
    Dewey Decimal Classification     Referencia Biblioteca Karol Wojtyla Biblioteca Karol Wojtyla Área de silencio 03/12/2013 Compra   465 CUE 1998 65489 05/01/2026 18/05/2018 Libro R
    Dewey Decimal Classification     Referencia Biblioteca Karol Wojtyla Biblioteca Karol Wojtyla Área de silencio 18/05/2018 Compra   465 CUE 1998 65494 05/01/2026 18/05/2018 Libro R
    Dewey Decimal Classification     Referencia Biblioteca Karol Wojtyla Biblioteca Karol Wojtyla Área de silencio 18/05/2018 Compra   465 CUE 1998 65495 05/01/2026 18/05/2018 Libro R
    Dewey Decimal Classification     Referencia Biblioteca Karol Wojtyla Biblioteca Karol Wojtyla Área de silencio 18/05/2018 Compra   465 CUE 1998 65496 05/01/2026 18/05/2018 Libro R
    Dewey Decimal Classification     Referencia Biblioteca Karol Wojtyla Biblioteca Karol Wojtyla Área de silencio 18/05/2018 Compra   465 CUE 1998 65491 05/01/2026 18/05/2018 Libro R
    Dewey Decimal Classification     Referencia Biblioteca Karol Wojtyla Biblioteca Karol Wojtyla Área de silencio 18/05/2018 Compra   465 CUE 1998 65492 05/01/2026 18/05/2018 Libro R
    Dewey Decimal Classification     Referencia Biblioteca Karol Wojtyla Biblioteca Karol Wojtyla Área de silencio 18/05/2018 Compra   465 CUE 1998 65493 05/01/2026 18/05/2018 Libro R